000 01581cam a2200457 4500
001 21490
003 VRT
005 20260302142947.0
008 211123s2021 xo g 000 f slo
015 _aSNBA2023/01
020 _a9788056909003
_q(viazané)
039 9 _a202310241422
_bAUTHORITY
_c202301241337
_dmsnk159
_c202301240953
_dmsnk176
_c202209191827
_dmsnk134
040 _aZKSE
_bslo
_cZKSE
_dSNK
_erda
041 0 _aslo
044 _axo
_cSK
072 7 _a821.162.4-3
_xSlovenská próza
_2konspekt
080 _a821.162.4-31
_22011
080 _a343.9.02
_22011
080 _a(0:82-312.4)
_22011
100 1 _aHavranová, Ivana,
_d1952-
_4aut
245 1 0 _aKeď zostarne mafián
_cIvana Havranová
250 _a1. vydanie
264 1 _aBratislava
_bMarenčin PT
_c2021
300 _a141 strán
_c21 cm
336 _atext
_btxt
_2rdacontent
337 _abez média
_bn
_2rdamedia
338 _azväzok
_bnc
_2rdacarrier
500 _aObsahuje biografické údaje o autorke na záložke prebalu publikácie
650 7 _amafia
_2SNKPH
650 7 _amafia
_2SNKPHeng
655 7 _aslovenské romány
_2SNKPH
655 7 _aSlovak fiction
_2SNKPHeng
655 7 _atrilery (romány)
_2SNKPH
655 7 _aThrillers (novels)
_2SNKPHeng
942 _2ddc
_cKLDO
_n0
949 _6270001000650900
_asvkbbA 164742
_bsvkbbm 800633
949 _617A1513915
_asnkSC 199080
_bsnk2022/14308
_o1570/2022
949 _617A1513916
_asnkSC 199080 D1
_bsnk2022/14309
_o1570/2022
949 _6273K0676790
_asvkpoA 251610
_bsvkpo666739
949 _62889375339
_asavukM 122941
_bsavuk2022/130
999 _c21490
_d21490